|
|
|
|
| LEADER |
00000nam0a2200000 4500 |
| 001 |
290651 |
| 005 |
20231102000317.0 |
| 035 |
|
|
|a (RuTPU)RU\TPU\book\315205
|
| 090 |
|
|
|a 290651
|
| 100 |
|
|
|a 20150408d1982 k y0rusy5003 ca
|
| 101 |
0 |
|
|a rus
|
| 102 |
|
|
|a BY
|
| 105 |
|
|
|a a z 001zy
|
| 200 |
1 |
|
|a Геология и прогноз твердых полезных ископаемых БССР
|e сборник научных трудов
|f Белорусский научно-исследовательский геологоразведочный институт ; под ред. Н. А. Корнилова
|
| 210 |
|
|
|a Минск
|c Изд-во БелНИГРИ
|d 1982
|
| 215 |
|
|
|a 165 с.
|c ил.
|
| 320 |
|
|
|a Библиогр. в конце ст.
|
| 606 |
1 |
|
|a Месторождения полезных ископаемых
|x Геология
|2 stltpush
|3 (RuTPU)RU\TPU\subj\42231
|9 61918
|
| 610 |
1 |
|
|a твердые полезные ископаемые
|
| 610 |
1 |
|
|a Белоруссия
|
| 610 |
1 |
|
|a тектоника
|
| 610 |
1 |
|
|a геохимические барьеры
|
| 610 |
1 |
|
|a докембрий
|
| 610 |
1 |
|
|a химические элементы
|
| 610 |
1 |
|
|a прогнозирование
|
| 610 |
1 |
|
|a миграция
|
| 610 |
1 |
|
|a интрузивные базиты
|
| 610 |
1 |
|
|a гипербазиты
|
| 610 |
1 |
|
|a золото-сульфидные месторождения
|
| 610 |
1 |
|
|a колчеданное оруденение
|
| 610 |
1 |
|
|a амфиболиты
|
| 610 |
1 |
|
|a рудоподготовка
|
| 610 |
1 |
|
|a полиминеральные осадочные породы
|
| 610 |
1 |
|
|a антеклизы
|
| 610 |
1 |
|
|a неогеновые отложения
|
| 610 |
1 |
|
|a рудоносность
|
| 610 |
1 |
|
|a горючие сланцы
|
| 610 |
1 |
|
|a давсонит
|
| 610 |
1 |
|
|a научные труды
|
| 675 |
|
|
|a 553
|v 4
|
| 702 |
|
1 |
|a Корнилов
|b Н. А.
|4 340
|
| 712 |
0 |
2 |
|a Белорусский научно-исследовательский геологоразведочный институт
|2 stltpush
|3 (RuTPU)RU\TPU\col\7965
|9 24442
|
| 801 |
|
0 |
|a RU
|b RuMRKP
|c 19950704
|g psbo
|
| 801 |
|
1 |
|a RU
|b 63413507
|c 20150408
|
| 801 |
|
2 |
|a RU
|b 63413507
|c 20170712
|g RCR
|
| 942 |
|
|
|c BK
|